000
00220nam a22001097a 4500
082
_a
297.1228MUN
100
_a
M.Munir
245
_a
god universe and life
260
_a
Islamabad
_c
1983
300
_a
216
942
_c
BK
999
_c
14060
_d
14060